Resistencias y luchas campesinas en la época del crecimiento y consolidación de la formación feudal (Record no. 117231)

MARC details
000 -LEADER
campo de control de longitud fija 00728nam a2200205 4500
001 - NÚMERO DE CONTROL
campo de control 117231
003 - IDENTIFICADOR DE NÚMERO DE CONTROL
campo de control ES-MaACL
005 - FECHA Y HORA DE LA ÚLTIMA TRANSACCIÓN
campo de control 20230906190843.0
007 - CAMPO FIJO DE DESCRIPCIÓN FÍSICA--INFORMACIÓN GENERAL
campo de control de longitud fija t|
008 - DATOS DE LONGITUD FIJA--INFORMACIÓN GENERAL
campo de control de longitud fija 070301s1980 sp r ||||1| spa d
100 1# - ENTRADA PRINCIPAL--NOMBRE DE PERSONA
Nombre de persona Pastor de Togneri, Reyna.
9 (RLIN) 89502
245 10 - MENCIÓN DEL TÍTULO
Título Resistencias y luchas campesinas en la época del crecimiento y consolidación de la formación feudal
Resto del título : Castillas y León, siglos X-XIII /
Mención de responsabilidad, etc. por Reyna Pastor de Togneri.
250 ## - MENCION DE EDICION
Mención de edición [1ª ed.].
260 ## - PUBLICACIÓN, DISTRIBUCIÓN, ETC.
Lugar de publicación, distribución, etc. Madrid :
Nombre del editor, distribuidor, etc. Siglo Veintiuno,
Fecha de publicación, distribución, etc. 1980.
300 ## - DESCRIPCIÓN FÍSICA
Extensión 290 p. ;
Dimensiones 20 cm.
490 1# - MENCIÓN DE SERIE
Mención de serie Historia de los movimientos sociales
830 0# - PUNTO DE ACCESO ADICIONAL DE SERIE-TÍTULO UNIFORME
Título uniforme Historia de los movimientos sociales
9 (RLIN) 180737
852 ## - LOCALIZACIÓN
Ubicación ES-MaACL
Número de control de estantería L-532
Sublocalización o colección R.101238
Holdings
Estatus retirado Estado de pérdida Estado de daño No para préstamo Biblioteca de origen Biblioteca actual Ubicación en estantería Fecha de adquisición Fuente de adquisición Total de préstamos Signatura topográfica completa Código de barras Visto por última vez Precio de reemplazo Tipo de ítem Koha
        Biblioteca del Ateneo de Madrid Biblioteca del Ateneo de Madrid Depósito 2 17/01/2008     L-532 1122223 23/02/2023 23/02/2023 Libro impreso